Become a Magnet To Money (Record no. 94854)

MARC details
000 -LEADER
fixed length control field 00595nam a2200217Ia 4500
005 - DATE AND TIME OF LATEST TRANSACTION
control field 20251121154610.0
008 - FIXED-LENGTH DATA ELEMENTS--GENERAL INFORMATION
fixed length control field 230125s9999 xx 000 0 und d
020 ## - INTERNATIONAL STANDARD BOOK NUMBER
International Standard Book Number 9788184951721
041 ## - LANGUAGE CODE
Language code of text/sound track or separate title eng
082 ## - DEWEY DECIMAL CLASSIFICATION NUMBER
Classification number 158.1
Item number PRO
100 ## - MAIN ENTRY--PERSONAL NAME
Author Proctor B
245 ## - TITLE STATEMENT
Title Become a Magnet To Money
Remainder of title Through the Sea of Unlimited Consciousness
250 ## - EDITION STATEMENT
Edition statement Ed.4th
260 ## - PUBLICATION, DISTRIBUTION, ETC.
Date of publication, distribution, etc. 2013
Name of publisher, distributor, etc. Jaico Publishing House
Place of publication, distribution, etc. Mumbai
300 ## - PHYSICAL DESCRIPTION
Extent 196p
500 ## - GENERAL NOTE
Keywords Personality Development<br/>
650 ## - SUBJECT ADDED ENTRY--TOPICAL TERM
Topical term or geographic name entry element Personality Development
700 ## - ADDED ENTRY--PERSONAL NAME
Personal name Proctor B
942 ## - ADDED ENTRY ELEMENTS (KOHA)
Koha item type Books
906 ## - LOCAL DATA ELEMENT F, LDF (RLIN)
b 92.69
Holdings
Withdrawn status Lost status Damaged status Not for loan Home library Current library Date acquired Vendor Net Price Bill number Total Checkouts Full call number Barcode Date last seen Actual Price Bill Date Koha item type Original Barcode
        Smt. Hiraben Nanavati Institute of Management & Research for Women Smt. Hiraben Nanavati Institute of Management & Research for Women 20/03/2017 Suyog Enterprises 299.00 SE/SI/3970   158.1 PRO B15742 HIMR-BK-15742 25/01/2023 206.31 17/03/2017 Books B15742